MDQL
is popping MORE tags! Check the
thread
!
Quizzes
Events
Quiz Creation
Community
Videos
Private Events
Remove Ads
Sign In
Join for FREE
Feedback
Dark Mode
Quiz Categories
Sports
Geography
Music
Movies
Television
Just For Fun
Miscellaneous
History
Literature
Language
Science
Gaming
Entertainment
Religion
Holiday
For Kids
Quiz Lab
Recent
Popular Today
Quiz Kudos Today
Editor Picks
Curator Picks
Quizzes by...
Day
Popularity
Type
Ratings
Length
Year
Community
Subscriptions
Recent Discussions
Orange Saloon
Badges
Playlists
Quests
Create
Leaderboards
Showdown
Live 5
Trivia Bingo
Activity
Puzzle Library
Sporcle Events
Private Events
Virtual Trivia
Globe League
Become a Host
Pub Owners
SporcleCon
Opinionation
Our Games
Videos
Blog
Mobile Apps
Partnerships
Remove Ads and Go Orange
Feedback
Movies
Disney
Marvel Cinematic Universe
Movie Resume
Movie Titles
Oscar
Actor
Actress
Director
Pixar
Role
Movie Quotes
Movie Characters
Box Office
Nominee
Best Picture
Star Wars
James Bond
Horror Movies
Movies
Disney
Marvel Cinematic Universe
Movie Resume
Movie Titles
Oscar
Actor
Actress
Director
Pixar
Role
Movie Quotes
Movie Characters
Box Office
Nominee
Best Picture
Star Wars
James Bond
Horror Movies
Random Quiz
Search Sporcle
×
Quiz Lab
Quiz Lab
Movies
Disney
Type answers based on single images at one time
Type answers based on single images at one time
Slideshow
Best Score? Go Orange.
'A' is for Aladdin (Disney Character Slideshow) Stats
Can you name the pictured Disney characters beginning with 'A'?
By
jencon117
10m
59 Questions
4,252 Plays
4,252 Plays
4,252 Plays
Comments
Comments
Give Quiz Kudos
Give Quiz Kudos
-
- Ratings
hide this ad
Replay
Link that replays current quiz
Next Quiz
Link to next quiz in quiz playlist
You Got
0%
They Got
Avg Score
37%
Avg Friend Score
Upgrade to see
Score Distribution
Jump to the score distribution portion of the page
Score
0/59
Timer
10:00
1
Play Today
% Correct
Alice
98%
Abu
93.8%
Princess Aurora
90.2%
Andy Davis
90.1%
Ariel
84.1%
Aladdin
82.1%
Anger
72.8%
Arthur Pendragon
69.2%
Anastasia Tremaine
68%
Princess Anna
64.6%
Anita Radcliffe
64%
Prince Adam
60.6%
Archimedes
46.8%
Albert 'Al' McWhiggin
45.3%
Amos Slade
42%
Abigail & Amelia Gabble
41.5%
Abominable Snowman
40.5%
Princess Atta
40.3%
Alpha
39.4%
Am
39.1%
Annie James
36.4%
Abby Mallard
35.8%
Alan-A-Dale
34.9%
Aladar
34.8%
Professor Archimedes Q. Porter
34.2%
AUTO
32.9%
Alfredo Linguini
32.4%
Arista
32.2%
Attina
30.5%
Akela
30.5%
% Correct
Aquata
30%
Alana
30%
Captain Amelia
29.5%
Anton Ego
29.4%
Angel
28.9%
Adella
28.8%
Achilles
27.9%
Madame Adelaide Bonfamille
27.1%
Andrina
26.7%
Uncle Albert
26.5%
Angus
26.1%
Art
26%
Anchor
25.9%
Prince Achmed
25.1%
The Archdeacon
23.6%
Audrey Rocio Ramirez
23.1%
Alameda Slim
22.7%
Angus MacBadger
18.8%
Angelica Teach
18.3%
Mr. Arrow
18.3%
Alistair Krei
17.5%
Angelique
15.6%
Attila
15%
Abis Mal
14.8%
Alan Bradley
14.7%
Atropos
14.4%
Alcmene
11.5%
Acer
11.4%
Audrey
11.1%
Quiz Playlist
Details
Report
Send in Message
Add To Playlist
Slideshow:
Type answers based on single images at one time
Last Updated: Jul 11, 2017
Quiz Scoreboard
CHALLENGE
Sign Up to Join the Scoreboard
Show All
Scores
Hide
Comments
May contain spoilers
Recently Published
Street Fighter Characters
by Artimus82
Gaming
60s
9x9 Crossword: Cartoon Network
by jackfrog10
Miscellaneous
3m
College Basketball Coaching Resumes
by pancakes188
Sports
9m
More to Explore
Quiz From the Vault
Featured Blog Post
Where Did the Easter Bunny Come From?
hide this ad
You Might Also Like...
Tags
Disney Quiz
aladdin
Disney Films
Letter A
Walt Disney
Today's Top Quizzes in Movies
Browse Movies
hide this ad
Today's Top Quizzes in Disney
Browse Disney
Top Contributed Quizzes in Movies
1
Pick 5 Posters: Directed by Spielberg
2
7-to-1: Pixar Characters
3
Hidden Star Wars Character II
4
Pick 5 Posters: Lowest-Rated Spielberg
5
Sorting Actors
6
Sorting Actresses
7
Hidden Star Wars Character III
8
Pick 5 Posters: Directed by Scorsese
9
Hidden Star Wars Character IV
10
Pick 5 Posters: Star & Director
Explore More
Trending Topics
Marvel
Crossword
NBA
Harry Potter
Disney
Kpop
Anime
Pokémon
The Office
Country
NFL
Puzzle
Song
Soccer
WWE
hide this ad
More By:
jencon117
Quiz
Plays
Rating
Category
Featured
Created
Disney Character Movie Match
410,766
4.67
Movies
Jul 7, 2014
Disney Lyrics: Let It Go
246,129
4.50
Music
Dec 4, 2013
Disney Character Movie Match II
109,777
4.42
Movies
Jul 7, 2015
According to Netflix: TV Comedies
95,588
4.50
Television
Jul 22, 2015
According to Netflix: Animated Features
90,028
4.66
Movies
Jul 20, 2015
Go to Creator's Profile
Score Distribution
Quiz Creator Spotlight
jencon117
Follow
Send a Message
Quizzes Created
-
Created Quiz Play Count
-
More By This Creator
Popular Quizzes Today
1
Find the US States - No Outlines Minefield
2
Find the Countries of Europe - No Outlines Minefield
3
The Countries of the World
4
Find the US States
5
Risky Map Clicking: Biggest States A-Z
6
US States
7
Popular People in 1961
8
Movies - When Are They Set?
More Movies Quizzes
Follow That Line: The Hunger Games
Published
Trending Quizzes
Risky Map Clicking: Least Populous States A-Z
Billboard Blitz: Aretha Franklin
Famous Russians: Author or Composer?
1-10 Letter G Words
Countries of the World: 200 Million BC
Recently Updated
Leaping Animals
pecheneg
Reality TV Shows (A-Z)
bhenderson79
Rickey Henderson's Hall of Fame Teammates
pecheneg
Champions League XIs: Arsenal
pecheneg
Quick Pick: Celebrities in WWE's Hall of Fame
aduchscher
A-Z Keypad Blitz II
pecheneg
Multiple Oscar Actors
pecheneg
Mystery Phrase Blitz: Oscar 'Best Actors'
pecheneg
F. Scott Fitzgerald Novels
LTH
Pick 3 Villains
ddd62291
Trending Topics
Harry Potter
Disney
Marvel
Kpop
Crossword
NBA
Anime
Song
NFL
WWE
Puzzle
Pokémon
Country
Soccer
The Office
Your Account Isn't Verified!
In order to create a playlist on Sporcle, you need to verify the email address you used during registration. Go to your
Sporcle Settings
to finish the process.
Report this User
Report this user for behavior that violates our
Community Guidelines
.
Details:
Send Report
Go to the Sporcle.com Mobile Site →
Comments